000 00591nam a22002177a 4500
003 UA-OsUOA
001 120702
007 ta
008 20170209b un ||||| |||| 00| 0 ukr d
100 _aФедосій О.
090 _a82
_bФ33
942 _cSA
040 _aUA-OsUOA
_bukr
_cUA-OsUOA
_dUA-OsUOA
245 _aОсобливості мовної стилістики прози Галини Тарасюк
300 _aС.19-22
955 _a0
041 _aukr
080 _a82
773 0 _w120699
650 7 _a82 Література. Літературознавство
_2UDC
999 _c406591
_d406591